<?xml version="1.0" encoding="UTF-8"?>
<record
    xmlns:xsi="http://www.w3.org/2001/XMLSchema-instance"
    xsi:schemaLocation="http://www.loc.gov/MARC21/slim http://www.loc.gov/standards/marcxml/schema/MARC21slim.xsd"
    xmlns="http://www.loc.gov/MARC21/slim">

  <leader>01409nam a22003257a 4500</leader>
  <controlfield tag="003">OSt</controlfield>
  <controlfield tag="005">20240228141132.0</controlfield>
  <controlfield tag="008">100322s2010    dr         000 0 spa d</controlfield>
  <datafield tag="020" ind1=" " ind2=" ">
    <subfield code="a">9789945403183</subfield>
  </datafield>
  <datafield tag="040" ind1=" " ind2=" ">
    <subfield code="a">DO-SdBNP</subfield>
    <subfield code="b">spa</subfield>
    <subfield code="c">BNPHU</subfield>
  </datafield>
  <datafield tag="082" ind1=" " ind2="4">
    <subfield code="a">A862.4408</subfield>
    <subfield code="b">D763L</subfield>
    <subfield code="2">22</subfield>
  </datafield>
  <datafield tag="245" ind1="0" ind2="0">
    <subfield code="a">Dramaturgia latinoamericana: Dominicana /</subfield>
    <subfield code="c">Carlos Burgos ... [et al]</subfield>
  </datafield>
  <datafield tag="260" ind1=" " ind2=" ">
    <subfield code="a">Santiago de los Caballeros, Rep&#xFA;blica Dominicana :</subfield>
    <subfield code="b">Sociedarte,</subfield>
    <subfield code="c">2010.</subfield>
  </datafield>
  <datafield tag="300" ind1=" " ind2=" ">
    <subfield code="a">201 p. :</subfield>
    <subfield code="c">21 cm.</subfield>
  </datafield>
  <datafield tag="500" ind1=" " ind2=" ">
    <subfield code="a">Incluye datos biogr&#xE1;ficos de los autores.</subfield>
  </datafield>
  <datafield tag="505" ind1="0" ind2=" ">
    <subfield code="t">Equinoccio --</subfield>
    <subfield code="r">Carlos Burgos /</subfield>
    <subfield code="t">Por hora y a piece work --</subfield>
    <subfield code="r">Elizabeth Ovalle /</subfield>
    <subfield code="t">Juego de Ajedrez --</subfield>
    <subfield code="r">Franklin Dom&#xED;nguez /</subfield>
    <subfield code="t">Trilog&#xED;a del perenne sacrificio --</subfield>
    <subfield code="r">Iv&#xE1;n Garc&#xED;a Guerra /</subfield>
    <subfield code="t">Inocencia --</subfield>
    <subfield code="r">Jos&#xE9; Adolfo Pichardo /</subfield>
    <subfield code="t">Batallando --</subfield>
    <subfield code="r">William Mej&#xED;a /</subfield>
  </datafield>
  <datafield tag="590" ind1=" " ind2=" ">
    <subfield code="a">Inventariado, 2021/ YL</subfield>
  </datafield>
  <datafield tag="590" ind1=" " ind2=" ">
    <subfield code="a">La biblioteca posee un (1) ejemplar autografiado por el autor. </subfield>
  </datafield>
  <datafield tag="650" ind1=" " ind2="4">
    <subfield code="a">Teatro dominicano</subfield>
    <subfield code="9">79780</subfield>
  </datafield>
  <datafield tag="650" ind1=" " ind2="4">
    <subfield code="a">Literatura dominicana</subfield>
    <subfield code="v">Colecciones</subfield>
    <subfield code="9">7123</subfield>
  </datafield>
  <datafield tag="650" ind1=" " ind2="4">
    <subfield code="a">Drama dominicano</subfield>
    <subfield code="v">Colecciones </subfield>
    <subfield code="9">79781</subfield>
  </datafield>
  <datafield tag="700" ind1="1" ind2="2">
    <subfield code="a">Burgos, Carlos</subfield>
    <subfield code="9">78203</subfield>
  </datafield>
  <datafield tag="700" ind1="1" ind2="2">
    <subfield code="a">Ovalle, Elizabeth</subfield>
    <subfield code="9">73181</subfield>
  </datafield>
  <datafield tag="700" ind1="1" ind2="2">
    <subfield code="a">Dom&#xED;nguez, Franklin </subfield>
    <subfield code="9">26932</subfield>
  </datafield>
  <datafield tag="700" ind1="1" ind2="2">
    <subfield code="a">Garc&#xED;a Guerra, Jos&#xE9; </subfield>
    <subfield code="9">78204</subfield>
  </datafield>
  <datafield tag="700" ind1="1" ind2="2">
    <subfield code="a">Pichardo, Jos&#xE9; Adolfo,</subfield>
    <subfield code="d">1964-</subfield>
    <subfield code="9">26369</subfield>
  </datafield>
  <datafield tag="700" ind1="1" ind2="2">
    <subfield code="a">Mej&#xED;a, William</subfield>
    <subfield code="9">1538</subfield>
  </datafield>
  <datafield tag="910" ind1=" " ind2=" ">
    <subfield code="a">YLOCKWARD/Validado. Control de calidad MFF</subfield>
  </datafield>
  <datafield tag="942" ind1=" " ind2=" ">
    <subfield code="2">ddc</subfield>
    <subfield code="c">LBS1</subfield>
  </datafield>
  <datafield tag="952" ind1=" " ind2=" ">
    <subfield code="0">0</subfield>
    <subfield code="1">0</subfield>
    <subfield code="2">ddc</subfield>
    <subfield code="5">1</subfield>
    <subfield code="7">0</subfield>
    <subfield code="8">PD</subfield>
    <subfield code="a">BNPHU</subfield>
    <subfield code="b">PD</subfield>
    <subfield code="c">HD</subfield>
    <subfield code="d">2021-01-26</subfield>
    <subfield code="e">Elizabeth Ovalle </subfield>
    <subfield code="l">0</subfield>
    <subfield code="o">BNPHU PD A862.4408  D763L</subfield>
    <subfield code="p">2021-1067</subfield>
    <subfield code="r">2021-03-22</subfield>
    <subfield code="w">2021-03-22</subfield>
    <subfield code="y">LFPD</subfield>
  </datafield>
  <datafield tag="952" ind1=" " ind2=" ">
    <subfield code="0">0</subfield>
    <subfield code="1">0</subfield>
    <subfield code="2">ddc</subfield>
    <subfield code="5">1</subfield>
    <subfield code="7">0</subfield>
    <subfield code="8">PD</subfield>
    <subfield code="a">BNPHU</subfield>
    <subfield code="b">PD</subfield>
    <subfield code="c">HD</subfield>
    <subfield code="d">2021-01-26</subfield>
    <subfield code="e">Elizabeth Ovalle </subfield>
    <subfield code="l">0</subfield>
    <subfield code="o">BNPHU PD A862.4408 D763L</subfield>
    <subfield code="p">2021-1068</subfield>
    <subfield code="r">2021-03-22</subfield>
    <subfield code="t">e. 2</subfield>
    <subfield code="w">2021-03-22</subfield>
    <subfield code="y">LFPD</subfield>
  </datafield>
  <datafield tag="999" ind1=" " ind2=" ">
    <subfield code="c">49641</subfield>
    <subfield code="d">49641</subfield>
  </datafield>
</record>
